000 01167nam a22002897a 4500
005 20170720121329.0
010 _a1516EN07 B-598023 ENG-114792
020 _a9781447290599
_c599.00
035 _aB-598023
035 _aB-604341-358
035 _aEN-98324
035 _aB-667414
037 _adpl
_bAakar/Ven
037 _bUBH
037 _bDBAD/PUB
_aDPL
082 _aN
100 _aArcher, Jeffrey
245 _aMightier than the sword /
_cby Jeffrey Archer
260 _aLondon
_bMacmillan
_c2015
270 _a20 New Wharf Road,
_bLondon
_eN 1 9RR
300 _a415p.
_c24cm(pbk}
490 _aThe Clifton chronicles; v.5
942 _2ddc
_cEN
_hN
_mARC
999 _c96095
_d96095